000 00961nam a22003017a 4500
003 CHAP
005 20220817042530.0
008 971013s1953 es a r 00010 spa d
010 _a47374
011 _a48346
035 _a52491
040 _cCHAP
082 0 4 _a636.085
_bR48
100 0 0 _aRevueltas González, Luis.
_996716
245 1 _aBromatología zootécnica y alimentación animal
260 _aBarcelona :
_bSalvat,
_c1953
300 _a1044 p.
_b: ilus.
590 _aBATCH-UPD
_b10
_c20130110
_lUCH01
_h1548
590 _aBATCH-UPD
_b10
_c20130410
_lUCH01
_h0946
590 _aBATCH-UPD
_b10
_c20130914
_lUCH01
_h1845
590 _aCONVERSION
_b10
_c20130109
_lUCH01
_h1326
650 1 4 _aAlimentos y alimentacion del ganado.
_94326
650 1 4 _aNutrición animal.
901 _aBK
942 _cLIBRO
949 _a636.085 R48
_bBC
_cLIBRO
_d33724000610408
_eLIBRO
_fc.2
_h27429
_i52491
_si
949 _a636.085 R48
_bBC
_cMUT
_d-116916
_eMUT
_h24358
_i52491
_si
999 _c47374
_d47374